The atomic nucleus (Record no. 329485)

000 -LEADER
fixed length control field 00826cam a2200277 4500
001 - CONTROL NUMBER
control field 2202115
003 - CONTROL NUMBER IDENTIFIER
control field NUST
005 - DATE AND TIME OF LATEST TRANSACTION
control field 20170510105749.0
008 - FIXED-LENGTH DATA ELEMENTS--GENERAL INFORMATION
fixed length control field 730614s1972 enka b 001 0 eng
010 ## - LIBRARY OF CONGRESS CONTROL NUMBER
LC control number 73330811
015 ## - NATIONAL BIBLIOGRAPHY NUMBER
National bibliography number B72-15270
020 ## - INTERNATIONAL STANDARD BOOK NUMBER
International Standard Book Number 0140802975
040 ## - CATALOGING SOURCE
Original cataloging agency DLC
Transcribing agency DLC
Modifying agency DLC
050 00 - LIBRARY OF CONGRESS CALL NUMBER
Classification number QC776
Item number .R45
082 00 - DEWEY DECIMAL CLASSIFICATION NUMBER
Classification number 539.723 REI
100 1# - MAIN ENTRY--PERSONAL NAME
Personal name Reid, J. M.
Fuller form of name (John McArthur)
9 (RLIN) 258
245 14 - TITLE STATEMENT
Title The atomic nucleus
Statement of responsibility, etc. [by] J. M. Reid.
260 ## - PUBLICATION, DISTRIBUTION, ETC.
Place of publication, distribution, etc. Harmondsworth,
Name of publisher, distributor, etc. Penguin,
Date of publication, distribution, etc. 1972.
300 ## - PHYSICAL DESCRIPTION
Extent 269 p.
Other physical details illus.
Dimensions 21 cm.
350 ## - PRICE (NR) (BK AM CF MU VM SE) [OBSOLETE]
Price £2.35
490 0# - SERIES STATEMENT
Series statement Penguin education
490 0# - SERIES STATEMENT
Series statement Penguin library of physical sciences: physics
500 ## - GENERAL NOTE
General note P.B
504 ## - BIBLIOGRAPHY, ETC. NOTE
Bibliography, etc. note Bibliography: p. 261-262.
650 #0 - SUBJECT ADDED ENTRY--TOPICAL TERM
Topical term or geographic name entry element Nuclear physics.
9 (RLIN) 259
906 ## - LOCAL DATA ELEMENT F, LDF (RLIN)
a 7
b cbc
c orignew
d 3
e ncip
f 19
g y-gencatlg
942 ## - ADDED ENTRY ELEMENTS (KOHA)
Source of classification or shelving scheme
Koha item type Book
Call number prefix 539.723 REI
Holdings
Withdrawn status Lost status Source of classification or shelving scheme Damaged status Not for loan Collection code Permanent Location Current Location Shelving location Date acquired Total Checkouts Full call number Barcode Date last seen Price effective from Koha item type
            Institute of Environmental Science and Engineering (IESE) Institute of Environmental Science and Engineering (IESE) General Stacks 05/10/2017   539.723 REI IESE-556 05/10/2017 05/10/2017 Book
© 2023 Central Library, National University of Sciences and Technology. All Rights Reserved.